Top 25 Most Populated U.S States - Statistics

General Stats
  • This quiz has been taken 693 times
  • The average score is 22 of 25
Answer Stats
Population
(Estimate)
State % Correct
38,000,000 California
100%
20,000,000 New York
100%
30,000,000 Texas
100%
22,000,000 Florida
99%
11,000,000 Ohio
98%
10,700,000 Georgia
95%
13,000,000 Pennsylvania
95%
10,400,000 North Carolina
94%
7,700,000 Washington
94%
7,400,000 Arizona
92%
12,000,000 Illinois
92%
10,000,000 Michigan
92%
8,000,000 Virginia
92%
9,000,000 New Jersey
90%
7,100,000 Tennessee
89%
7,000,000 Massachussetts
86%
5,300,000 South Carolina
86%
5,800,000 Colorado
85%
6,800,000 Indiana
85%
5,100,000 Alabama
84%
4,000,000 Louisiana
81%
6,180,000 Maryland
81%
6,190,000 Missouri
79%
5,700,000 Minnesota
77%
5,900,000 Wisconsin
73%
No matching quizzes found
Score Distribution
Percent of People with Each Score
Percentile by Number Answered
Your Score History
You have not taken this quiz